| 000 | 01159nam a2200253Ia 4500 | ||
|---|---|---|---|
| 999 |
_c38511 _d38511 |
||
| 001 | 4612 | ||
| 003 | GE_BSU | ||
| 005 | 20190510181136.0 | ||
| 008 | 181216s200 ||||ge |||||||||||||| ||geo|| | ||
| 020 | _a9992832126 | ||
| 040 | _cGE_BSU | ||
| 041 | _ageo | ||
| 080 | _a316.2(075.8) ს-93 | ||
| 100 |
_aსულუხია, თამარ _9987 |
||
| 245 |
_aდასავლეთის ქვეყნების ურბანსოციოლოგია : სახელმძღვ. მაგისტრანტებისათვის / _cთამარ სულუხია ; ლია კაჭარავა |
||
| 264 |
_aთბილისი . : _bმერიდიანი, _c2001. |
||
| 300 |
_a160გვ .; _c20სმ. |
||
| 440 |
_aსოციალურ მეცნიერებათა სერია _9955 |
||
| 504 | _aბიბლიოგრ.: გვ. 157-159 | ||
| 653 | _aდასავლეთის ქვეყნების ურბანსოციოლოგია | ||
| 653 | _aურბანისტიკა | ||
| 700 |
_a კაჭარავა, ლია _9988 |
||
| 942 |
_cBK _2udc |
||